Účetnictví pro každého /

Hlavní autor: Klozar, Jiří, 1916-1996
Jazyk: Čeština
Vydáno: Praha : Práce, 1991
Vydání: 1. vyd.
Edice: Příručky Práce
Témata:
Externí odkaz: Digitalizovaný dokument
Fyzický popis: 102 s.
Knihy
Uloženo v:
LEADER 01140nam a22003252a 4500
001 000152628
003 CZ BrMZK
005 20090728075100.0
007 ta
008 970103s1991 xr f cze d
015 |a cnb000061831 
020 |a 80-208-0199-5 
035 |a (OCoLC)39600306 
040 |a BOA001  |b cze 
080 |a 657.1  |2 MRF 
100 1 |a Klozar, Jiří,  |d 1916-1996  |7 jk01060701  |4 aut 
245 1 0 |a Účetnictví pro každého /  |c Jiří Klozar 
250 |a 1. vyd. 
260 |a Praha :  |b Práce,  |c 1991 
300 |a 102 s. 
490 1 |a Příručky Práce 
504 |a Obsahuje bibliografii 
830 0 |a Příručky Práce  |0 s 
856 4 1 |u http://www.digitalniknihovna.cz/mzk/uuid/uuid:c585fbc0-54f1-11e2-8888-005056827e51  |y Digitalizovaný dokument  |x NDK 
910 |a BOA001  |b TK-0248.166  |b 2-0968.330 
920 |a 000142923 
964 |a Účetnictví - organizace - činnost hospodářská 
990 |a BK 
996 7 |b 2619955986  |c 2-0968.330  |l MZK  |r Sklad / do 1 hodiny  |n 10  |w 000152628  |u 000020  |a 1  |e BOA001  |j MZK50  |s A 
996 7 |b 2629985972  |c TK-0248.166  |l MZK  |r Sklad / do 24 hodin  |n 0  |w 000152628  |u 000010  |a 1  |e BOA001  |j MZK50  |s A